[Event "SVK-chT2B 1516"]
[White "Riabov, Alexander"]
[Black "Barczi, Tibor"]
[Site "Slovakia"]
[Round "4.3"]
[Result "0-1"]
[Date "2015.11.08"]
[WhiteElo "2079"]
[BlackElo "2108"]
[PlyCount "82"]
[EventDate "2015.10.17"]
[EventType "team-tourn"]
[EventRounds "11"]
[EventCountry "SVK"]
[SourceTitle "EXT 2019"]
[Source "ChessBase"]
[SourceDate "2018.10.10"]
[SourceVersion "1"]
[SourceVersionDate "2018.10.10"]
[SourceQuality "1"]
[WhiteTeam "Topolciansky CVC"]
[BlackTeam "Batorove Kosihy"]
[WhiteTeamCountry "SVK"]
[BlackTeamCountry "SVK"]

1. e4 e6 2. d3 c5 3. g3 b5 4. Bg2 Bb7 5. Nf3 Nf6 6. 0-0 d5 7. e5 Nfd7 8. Re1 Nc6 9. Bf4 Be7 10. h4 h6 11. Qc1 Qb6 12. Nc3 b4 13. Nd1 a5 14. Ne3 0-0-0 15. c4 d4 16. Ng4 Rdg8 17. h5 Nd8 18. Qd1 g5 19. Bc1 Bc6 20. Nd2 Qc7 21. Qe2 Re8 22. Bxc6 Nxc6 23. Qe4 Bf8 24. f4 gxf4 25. Qxf4 f5 26. Nh2 Ncxe5 27. Qf1 Rg8 28. Kf2 Bd6 29. Qe2 Nxd3+ 30. Qxd3 Bxg3+ 31. Kf1 Bxe1 32. Nhf3 Bg3 33. a3 Ref8 34. axb4 cxb4 35. Nb3 e5 36. Rxa5 e4 37. Qxd4 exf3 38. Ra7 Qd6 39. Be3 Qxd4 40. Nxd4 Re8 41. Nxf5 Rxe3 0-1

[Event "SVK-chT2B 1516"]
[White "Horvath, Mario"]
[Black "Barczi, Tibor"]
[Site "Slovakia"]
[Round "2.3"]
[Result "0-1"]
[Date "2015.10.18"]
[WhiteElo "2244"]
[BlackElo "2110"]
[PlyCount "64"]
[EventDate "2015.10.17"]
[EventType "team-tourn"]
[EventRounds "11"]
[EventCountry "SVK"]
[SourceTitle "EXT 2019"]
[Source "ChessBase"]
[SourceDate "2018.10.10"]
[SourceVersion "1"]
[SourceVersionDate "2018.10.10"]
[SourceQuality "1"]
[WhiteTeam "Podhajska Termal"]
[BlackTeam "Batorove Kosihy"]
[WhiteTeamCountry "SVK"]
[BlackTeamCountry "SVK"]

1. Nf3 c5 2. c4 g6 3. Nc3 Bg7 4. d4 cxd4 5. Nxd4 Nc6 6. Nc2 Bxc3+ 7. bxc3 Qa5 8. Qd3 d6 9. e4 Nf6 10. Be2 Nxe4 11. Qxe4 Bf5 12. Qe3 Bxc2 13. 0-0 Qe5 14. Qd2 Bf5 15. Re1 Rc8 16. Bg4 Qc5 17. Bxf5 gxf5 18. Rb1 b6 19. Rb5 Qxc4 20. Rxf5 Ne5 21. Qg5 f6 22. Qh5+ Kd8 23. f4 Nd3 24. Rd1 Nxc1 25. Rxc1 Qxa2 26. Qf3 Qd2 27. Ra1 Rxc3 28. Qa8+ Rc8 29. Qxa7 Qe3+ 30. Kf1 Qd3+ 31. Kg1 Qxf5 32. Qxb6+ Ke8 0-1

[Event "SVK-chT2B 1516"]
[White "Barczi, Tibor"]
[Black "Hrstka, Samuel"]
[Site "Slovakia"]
[Round "1.3"]
[Result "1-0"]
[Date "2015.10.17"]
[WhiteElo "2110"]
[BlackElo "1835"]
[PlyCount "83"]
[EventDate "2015.10.17"]
[EventType "team-tourn"]
[EventRounds "11"]
[EventCountry "SVK"]
[SourceTitle "EXT 2019"]
[Source "ChessBase"]
[SourceDate "2018.10.10"]
[SourceVersion "1"]
[SourceVersionDate "2018.10.10"]
[SourceQuality "1"]
[WhiteTeam "Batorove Kosihy"]
[BlackTeam "Topolciansky CVC II"]
[WhiteTeamCountry "SVK"]
[BlackTeamCountry "SVK"]

1. e4 e5 2. Nc3 Nf6 3. Bc4 Nxe4 4. Qh5 Nd6 5. Bb3 Nc6 6. Nb5 g6 7. Qf3 Nf5 8. Qd5 Nh6 9. d4 d6 10. Bxh6 Be6 11. Qf3 Bxb3 12. Bxf8 Rxf8 13. cxb3 a6 14. d5 Nb4 15. Qe4 c5 16. dxc6 Nxc6 17. Nc3 f5 18. Qd5 Nb4 19. Qe6+ Qe7 20. Qxe7+ Kxe7 21. 0-0-0 e4 22. Nd5+ Nxd5 23. Rxd5 Rac8+ 24. Kb1 Ke6 25. Rd2 d5 26. Ne2 Rfd8 27. h4 Rd7 28. Rhd1 Rcd8 29. b4 Ke5 30. Nd4 h6 31. g3 g5 32. hxg5 hxg5 33. Rh1 Rg7 34. Rh6 Re8 35. Rd1 Ree7 36. Kc2 Rh7 37. Rg6 Rhg7 38. Rb6 f4 39. g4 Rh7 40. b5 axb5 41. Kc3 Rh2 42. Nf3+ 1-0

[Event "SVK-chT2B 1415"]
[White "Barczi, Tibor"]
[Black "Frajka, Peter"]
[Site "Slovakia"]
[Round "3.3"]
[Result "1-0"]
[Date "2014.11.08"]
[WhiteElo "2080"]
[BlackElo "1827"]
[PlyCount "57"]
[EventDate "2014.10.11"]
[EventType "team-tourn"]
[EventRounds "11"]
[EventCountry "SVK"]
[SourceTitle "EXT 2019"]
[Source "ChessBase"]
[SourceDate "2018.10.10"]
[SourceVersion "1"]
[SourceVersionDate "2018.10.10"]
[SourceQuality "1"]
[WhiteTeam "Batorove Kosihy"]
[BlackTeam "Topolcianky SK"]
[WhiteTeamCountry "SVK"]
[BlackTeamCountry "SVK"]

1. e4 c5 2. Nf3 Nc6 3. d4 cxd4 4. Nxd4 e6 5. Be3 Nf6 6. Bd3 e5 7. Nf3 d5 8. exd5 Nxd5 9. Bg5 Be7 10. Bxe7 Ndxe7 11. Qe2 0-0 12. Nc3 Ng6 13. 0-0-0 Qa5 14. Bxg6 hxg6 15. Rd5 Qb4 16. g3 Bg4 17. Qe3 Bxf3 18. Qxf3 Qe7 19. h4 f6 20. Qg4 Qe8 21. h5 g5 22. h6 g6 23. Rd2 Rf7 24. Ne4 Rd8 25. Rhd1 f5 26. Rxd8 Nxd8 27. Qxg5 Ne6 28. Qxg6+ Kh8 29. Nd6 1-0